LEADER 00610naa a2200145 i 4500 001 000000304053 003 CaOOAMICUS 005 20180831172811.0 008 180831n xx u000 u und u 013 $a11832 040 $aSeMil$bita 100 1 $aKristöfl, Josef.$0(OLS)http://semarc/name/87210 245 10$aSoziale Gewissensbildung in einer pluralen Gesellschaft. 773 0 $tSoziales Denken in einer zerrissenen Welt.$dFreiburg ; Basel ; Wien : Herder, 1991.$kQuaestiones disputatae $z3-451-02136-6$w()39659 996 $6245$aSoziale Gewissensbildung in einer pluralen Gesellschaft$9(OLS)http://semarc/title/380003 LEADER 01122nam a2200253 i 4500 001 000000231106 003 CaOOAMICUS 005 20140709000000.0 008 140709s1974 it u000 u ita u 013 $a210009 040 $aSeMil$bita 100 1 $aNegretti, Nicola.$0(OLS)http://semarc/name/19163 245 14$aGli inizi della nostra storia :$bil genesi /$cNicola Negretti, Claus Westermann, Gerhard von Rad. 260 $a[Genova] :$bMarietti,$c1974. 300 $a150 p. ;$c23 cm. 490 0 $aAzimut 650 4$aBibbia. Antico Testamento. Genesi - Commentari, studi, critica, interpretazioni.$0(OLS)http://semarc/subject/344 700 1 $aRad, Gerhard : von,$d<1901-1971>.$0(OLS)http://semarc/name/77 700 1 $aWestermann, Claus,$d<1909-2000>.$0(OLS)http://semarc/name/1361 830 0$aAzimut.$0(OLS)http://semarc/title/6556 850 $aSeMil 852 $aSeMil$W1$xVenegono$y1$m2Z II 169$j181452$B181452$CSeMilBibl$Z2$F192285 $81 996 $6245$aGli inizi della nostra storia :$bil genesi$9(OLS)http://semarc/title/234785 996 $6260$a[Genova] :$bMarietti$9(OLS)http://semarc/publisher/30011